Odyssey or Odyssey? Quiz Stats

 Plays Quiz Updated Jun 13, 2019

Score 0/25 Timer 00:45
2 Plays Today
Term (H)omer/(M)ario % Correct
Troy???
83.7%
Bowser???
83.4%
Odysseus???
83.2%
Eurymachus???
82.9%
New Donk City???
82.7%
Peach???
82.7%
Helios???
82.3%
Phaeacia???
82%
Scylla???
81.8%
Circe???
81.6%
Charybdis???
80.9%
Cappy???
80.2%
Aeaea???
79.6%
Term (H)omer/(M)ario % Correct
Topper???
78.1%
Calypso???
77.1%
Arete???
74.9%
Penelope???
72.5%
Nausicaa???
71.5%
Rango???
71.1%
Pauline???
70.5%
Dorrie???
70.3%
Lake Lamode???
68.5%
Tostarena???
56.2%
Hariet???
56.2%
Sphynx???
39.3%

You're not logged in!

Compare scores with friends on all Sporcle quizzes.
OR
Log In

Sporcle TV

Today on Sporcle TV


Watch our educational content, quiz creation guides, and fun videos on Sporcle TV.

Show Comments

Extras

Top Quizzes Today


Score Distribution

Your Account Isn't Verified!

In order to create a playlist on Sporcle, you need to verify the email address you used during registration. Go to your Sporcle Settings to finish the process.

Report this User

Report this user for behavior that violates our Community Guidelines.

Details: